000 00229nam a22001217a 4500
003 SGT
082 _bMAD
100 _aMADHAV
245 _aEASY EXAM NOTES
260 _bMADHAV PRAKASHAN
_c2009
300 _a272
942 _2ddc
_cBK
999 _c13687
_d13687